[Event "5th InfoScore Cup"]
[Site "Baden-Baden GER"]
[Date "2002.07.27"]
[Round "1"]
[White "Gebhard,D"]
[Black "Glek,I"]
[Result "0-1"]
[WhiteElo "2032"]
[BlackElo "2590"]

1.d4 f5 2.g3 Nf6 3.Bg2 g6 4.Nf3 Bg7 5.O-O O-O 6.c4 d6 7.Nc3 Qe8 8.d5 a5 9.Nd4 Na6
10.e4 fxe4 11.Nxe4 Nxe4 12.Bxe4 Bh3 13.Bg2 Bxg2 14.Kxg2 Nc5 15.Re1 c6 16.Ne6 Nxe6
17.Rxe6 Rf5 18.Qe2 Re5 19.Rxe5 Bxe5 20.Be3 cxd5 21.cxd5 Qa4 22.Rd1 Qxa2 23.Qg4 Qxb2
24.Qe6+ Kh8 25.Rc1 Qb5 26.Bg5 Qd3 27.Rc8+ Rxc8 28.Qxc8+ Kg7 29.Qxb7 Qe4+
30.Kg1 Bd4  0-1

[Event "2nd Summer Open"]
[Site "Savaria HUN"]
[Date "2002.07.28"]
[Round "4"]
[White "Erdos,V"]
[Black "Kun,G"]
[Result "1/2-1/2"]
[WhiteElo "2446"]
[BlackElo "2342"]

1.d4 f5 2.Nf3 Nf6 3.g3 g6 4.Bg2 Bg7 5.O-O O-O 6.c4 d6 7.Nc3 Nc6 8.d5 Na5
9.Qa4 c5 10.dxc6 bxc6 11.c5 dxc5 12.Ne5 Rb8 13.Rd1 Qb6 14.Be3 Ng4 15.Nc4 Nxc4
16.Qxc4+ Kh8 17.Bxc5 Ba6 18.Bxb6 Bxc4 19.Bxa7 Rxb2 20.Rac1 Bxa2 21.Nxa2 Rxa2
22.Bc5 Rxe2 23.Bxc6 Bf6 24.Bf3 Re6 25.Bxg4 fxg4 26.Re1 Rxe1+ 27.Rxe1 Re8
28.Re4 h5 29.Kg2 Kg8 30.h3 gxh3+ 31.Kxh3 Kf7 32.Be3 Rb8 33.Kg2 g5 34.Rc4 Kg6
35.Rc5 Rb3 36.Rc6 Rb5 37.Bd4 e5 38.Be3 Kf5 39.Rc4 Rb2 40.Rc8 Ra2 41.Rb8 Ra4
42.Rf8 Ra6 43.Rc8 Rd6 44.Rc5 g4 45.Rc8 h4 46.gxh4 Bxh4 47.Rf8+ Bf6 48.f3 gxf3+
49.Kxf3 Rc6 50.Rg8 e4+ 51.Ke2 Rc2+ 52.Kd1 Ra2 53.Rf8 Ke6 54.Rc8 Kf5 55.Rf8 Ra6
56.Bd4  1/2-1/2

[Event "2nd Summer Open"]
[Site "Savaria HUN"]
[Date "2002.07.29"]
[Round "5"]
[White "Balogh,L"]
[Black "Kovacs,Ta"]
[Result "1/2-1/2"]
[WhiteElo "2110"]
[BlackElo "2160"]

1.d4 f5 2.Nf3 Nf6 3.g3 g6 4.Bg2 Bg7 5.c4 O-O 6.O-O d6 7.Nc3 Qe8 8.d5 Na6
9.a3 c6 10.Nd4 Bd7 11.e4 Rc8 12.exf5 gxf5 13.Ne6 Bxe6 14.dxe6 Qg6 15.Qe2 Nc5  1/2-1/2

[Event "6th Open"]
[Site "Korinthos GRE"]
[Date "2002.07.30"]
[Round "8"]
[White "Antic,D"]
[Black "Gelashvili,T"]
[Result "1-0"]
[WhiteElo "2496"]
[BlackElo "2551"]

1.d4 g6 2.c4 f5 3.g3 Nf6 4.Bg2 Bg7 5.Nf3 O-O 6.O-O d6 7.Nc3 Qe8 8.d5 Na6
9.Rb1 c5 10.dxc6 bxc6 11.b4 Rb8 12.a3 c5 13.b5 Nc7 14.a4 Bb7 15.Bb2 Qf7 16.Qb3 h6
17.Rbd1 g5 18.Ne1 Bxg2 19.Nxg2 Ne6 20.Nd5 Nxd5 21.cxd5 Bxb2 22.dxe6 Qg7 23.f4 a6
24.Rb1 Bc3 25.Qc2 axb5 26.Rxb5 Rxb5 27.axb5 Qd4+ 28.e3 Qd2 29.Qa4 Qd5 30.fxg5 hxg5
31.Qc2 Bg7 32.h4 Qxe6 33.hxg5 Rb8 34.Qe2 c4 35.Nf4 Qe4 36.Qh5 c3 37.Qg6 c2
38.Ne6 Qe5 39.Kf2 Ra8 40.Rc1 Qb2 41.b6 Rb8 42.b7 Qc3 43.Kg2 Qe5 44.Rxc2 Qe4+
45.Kg1 Qxe3+ 46.Kh2  1-0

[Event "V Open"]
[Site "Banyoles ESP"]
[Date "2002.08.04"]
[Round "2"]
[White "Campos Moreno,J"]
[Black "Orriols Miro,C"]
[Result "1-0"]
[WhiteElo "2493"]
[BlackElo "2048"]

1.d4 f5 2.g3 Nf6 3.Bg2 g6 4.Nf3 Bg7 5.O-O O-O 6.c4 d6 7.Nc3 Qe8 8.d5 a5 9.Rb1 Na6
10.b3 c6 11.Bb2 Nc7 12.dxc6 bxc6 13.c5 d5 14.Na4 Nd7 15.Bxg7 Kxg7 16.Ne5 Nf6
17.Qd2 Ne4 18.Qb2 Kg8 19.f3 Nf6 20.Rbe1 Ba6 21.g4 Ne6 22.Qd2 Bb5 23.Nb6 Ra7
24.a4 Ba6 25.Qxa5 Nf4 26.Qd2 Nxg2 27.Kxg2 fxg4 28.fxg4 Ne4 29.Qe3 e6 30.b4 g5
31.b5 cxb5 32.c6 Rg7 33.Nbd7 Rxf1 34.Rxf1 Qc8 35.Rf8+  1-0

[Event "ch-AUT"]
[Site "Oberpullendorf AUT"]
[Date "2002.08.15"]
[Round "6"]
[White "Titz,Hei"]
[Black "Bachofner,A"]
[Result "1-0"]
[WhiteElo "2309"]
[BlackElo "2327"]

1.c4 f5 2.Nf3 Nf6 3.d4 g6 4.g3 Bg7 5.Bg2 O-O 6.O-O d6 7.d5 Qe8 8.Nc3 Na6
9.Rb1 Nc5 10.Nd4 e5 11.dxe6 Nxe6 12.Nxe6 Qxe6 13.Nd5 Qf7 14.b3 Ne4 15.Bb2 c6
16.Bxg7 Qxg7 17.Bxe4 fxe4 18.Nf4 g5 19.Ng2 Qe5 20.Qd2 Bh3 21.Rbd1 Rf6 22.f4 exf3
23.exf3 Raf8 24.f4 gxf4 25.Rxf4 Bxg2 26.Rxf6 Rxf6 27.Kxg2 Re6 28.Rf1 Qe2+
29.Qxe2 Rxe2+ 30.Rf2 Re6 31.g4 Kg7 32.Kg3 a6 33.h4 b5 34.Rc2 bxc4 35.Rxc4 d5
36.Rd4 Kf6 37.Kf4 Re1 38.Ra4 Rf1+ 39.Ke3 Ke5 40.Rxa6 d4+ 41.Ke2 Rc1 42.Kd2 Rc3
43.g5 Ke4 44.Ra7 Rd3+ 45.Kc2 Rc3+ 46.Kb2 Rh3 47.Rxh7 Rh2+ 48.Ka3 d3 49.g6 d2
50.Rd7 Ke3 51.Kb4 Rxh4+ 52.Kc3 Rg4 53.Rxd2 Rxg6 54.Rd8 Rg2 55.Re8+ Kf4 56.a4  1-0

[Event "13th Summer Open"]
[Site "Recklinghausen GER"]
[Date "2002.08.19"]
[Round "2"]
[White "Alekseev,V BLR"]
[Black "Terwey,M"]
[Result "1/2-1/2"]
[WhiteElo "2407"]
[BlackElo "2065"]

1.d4 g6 2.c4 Bg7 3.Nf3 f5 4.g3 Nf6 5.Bg2 O-O 6.O-O d6 7.b4 Nbd7 8.Bb2 c6
9.Nc3 e5 10.dxe5 dxe5 11.c5 e4 12.Qb3+ Kh8 13.Ng5 Ne5 14.Ne6 Bxe6 15.Qxe6 Re8
16.Qb3 Qe7 17.Rad1 Rad8 18.Na4 Nd5 19.Rfe1 h5 20.f3 e3 21.f4 Ng4 22.Bxd5 cxd5
23.Rxd5 Bxb2 24.Nxb2 Qe4 25.Rxd8 Rxd8 26.Rd1 Rd2 27.Rxd2 exd2 28.Qc3+ Kh7
29.Qxd2 Ne3 30.Kf2 Ng4+ 31.Kg1 Ne3 32.Kf2 Ng4+  1/2-1/2

[Event "GP"]
[Site "Izmir TUR"]
[Date "2002.08.30"]
[Round "3"]
[White "Gasimov,R"]
[Black "Gelashvili,T"]
[Result "1/2-1/2"]
[WhiteElo "2370"]
[BlackElo "2551"]

1.d4 g6 2.Nf3 Bg7 3.c4 f5 4.g3 Nf6 5.Bg2 O-O 6.O-O d6 7.Nc3 Qe8 8.d5 Na6
9.Rb1 c5 10.dxc6 bxc6 11.b4 Rb8 12.b5 Nc5 13.Nd4 cxb5 14.cxb5 Qf7 15.Nc6 Rb7
16.Bb2 Nfe4 17.Nxe4 fxe4 18.Bxg7 Kxg7 19.Qd4+ Qf6 20.Qxf6+ Rxf6 21.Rb4 d5
22.a3 Rc7 23.Rd1 Rd6 24.f3 a6 25.Rc1 exf3 26.Bxf3 Ne6 27.a4 Bb7 28.Rd1 Bxc6
29.bxc6 Rcxc6 30.Rxd5 Rxd5 31.Bxd5 Rc1+ 32.Kf2 Nc5 33.Rb6  1/2-1/2

[Event "Autumn Cup"]
[Site "Bucharest ROM"]
[Date "2002.09.25"]
[Round "1"]
[White "Bogza,A"]
[Black "Vezdeutsan,V"]
[Result "1-0"]
[WhiteElo "2270"]
[BlackElo "2318"]

1.Nf3 g6 2.g3 Bg7 3.d4 f5 4.Bg2 Nf6 5.c4 O-O 6.O-O d6 7.Nc3 Qe8 8.d5 Na6
9.Rb1 Bd7 10.b4 c6 11.dxc6 bxc6 12.a3 Nc7 13.Bb2 Ne6 14.e3 g5 15.Ne2 a5 16.Qc2 axb4
17.axb4 Qh5 18.Bxf6 Rxf6 19.b5 cxb5 20.cxb5 Rb8 21.b6 Nc5 22.Ned4 Kh8 23.Rfc1 Rff8
24.Qe2 f4 25.exf4 g4 26.Ne5 dxe5 27.Rxc5 Qg6 28.f5 Qf7 29.Bd5 Qf6 30.Nc6 Qd6
31.Nxb8 Rxb8 32.Qc4 Bxf5 33.b7 Bf8 34.Rc6 Qd7 35.Rc8 Qxc8 36.bxc8=Q Rxb1+
37.Kg2 Bxc8 38.Qxc8 Kg7 39.Qxg4+ Kh6 40.Qf5  1-0

[Event "ch-ESP Open"]
[Site "Ayamonte ESP"]
[Date "2002.10.05"]
[Round "2"]
[White "Martinez Martin,D"]
[Black "Martin Echeandia,I"]
[Result "1-0"]
[WhiteElo "2348"]
[BlackElo "2203"]

1.d4 f5 2.g3 g6 3.Bg2 Bg7 4.Nf3 Nf6 5.O-O O-O 6.c4 d6 7.Nc3 Nc6 8.d5 Ne5
9.Nxe5 dxe5 10.Qb3 h6 11.Rd1 Kh8 12.c5 g5 13.a4 e4 14.a5 a6 15.Ra4 Nd7 16.Qa3 Ne5
17.f4 exf3 18.exf3 Qe8 19.f4 gxf4 20.Bxf4 Bd7 21.Rb4 Rb8 22.Qb3 Qc8 23.Ne2 Ng6
24.Qe3 Kh7 25.Nd4 Nxf4 26.gxf4 Qe8 27.Re1 Qh5 28.Kh1 Rg8 29.c6 Qg6 30.cxd7 Bxd4
31.Qxe7+ Rg7 32.Qe2 Bf6 33.d6 Rxd7 34.Rxb7 Rxb7 35.Bxb7 Rxd6 36.Qc2 Rd7 37.Bc8 Qh5
38.Bxd7 Qf3+ 39.Qg2  1-0

[Event "TCh-BEL 2002-3"]
[Site "Belgium BEL"]
[Date "2002.10.06"]
[Round "1"]
[White "Vandevoort,P"]
[Black "Van Beers,E"]
[Result "0-1"]
[WhiteElo "2348"]
[BlackElo "2331"]

1.d4 f5 2.g3 Nf6 3.Bg2 g6 4.Nf3 Bg7 5.O-O O-O 6.c4 d6 7.Nc3 Qe8 8.b3 e5 9.dxe5 dxe5
10.e4 Nc6 11.Nd5 Qd7 12.Ba3 Rd8 13.Qc2 Nxe4 14.Rad1 Kh8 15.Nf6 Bxf6 16.Rxd7 Bxd7
17.Bb2 Be8 18.a3 a5 19.h4 Rd6 20.Re1 Rad8 21.Rxe4 fxe4 22.Qxe4 Re6 23.b4 axb4
24.axb4 Nxb4 25.Qxb7 Nd3 26.Bc3 Re7 27.Ng5 h6 28.Ne4 Bg7 29.c5 Bf7 30.c6 Bd5
31.Ba5 Rf8 32.Qb5 Bxe4 33.Bxe4 Nxf2 34.Bxg6 Re6 35.Bb4 Rd8 36.Bf5 Rf6 37.g4 Nh3+
38.Kh2 Nf4 39.Qxe5 Nd5 40.Be7 Rxc6 41.Qe4 Nxe7 42.Qxe7 Rd2+  0-1

[Event "FSGM Oct"]
[Site "Budapest HUN"]
[Date "2002.10.08"]
[Round "4"]
[White "Erdos,V"]
[Black "Todorovic,GM"]
[Result "1-0"]
[WhiteElo "2416"]
[BlackElo "2467"]

1.d4 f5 2.Nf3 Nf6 3.g3 g6 4.Bg2 Bg7 5.O-O O-O 6.c4 c6 7.Nc3 Ne4 8.Qc2 Nxc3
9.Qxc3 d6 10.b3 Nd7 11.Bb2 a5 12.Qc2 a4 13.Rfd1 Qb6 14.Bc3 Nf6 15.Nd2 d5
16.e3 Be6 17.Bf1 Ne4 18.Nxe4 fxe4 19.bxa4 h5 20.cxd5 cxd5 21.Qb3 Qc7 22.Be1 Kh7
23.a5 Bg4 24.Rdc1 Qd7 25.Rc5 Rf5 26.Rac1 h4 27.Rc7 Qe6 28.Qxb7 hxg3 29.hxg3 Re8
30.Qa6 Qf7 31.Be2 Bf3 32.Bxf3 exf3 33.Rc8 Rh5 34.Rxe8 Qxe8 35.Qc6 Qf7 36.Qd7 Qf6
37.Qg4 Rg5 38.Qf4 Rf5 39.Qh4+ Bh6 40.Qxf6 Rxf6 41.Rc7 Re6 42.Bb4 Bg5 43.Rc5 Rd6
44.Rb5 Rc6 45.Bc5 e5 46.Rb6 Rc8 47.a6 exd4 48.exd4  1-0

[Event "FSGM Oct"]
[Site "Budapest HUN"]
[Date "2002.10.12"]
[Round "8"]
[White "Erdos,V"]
[Black "Antal,Ge"]
[Result "0-1"]
[WhiteElo "2416"]
[BlackElo "2465"]

1.d4 f5 2.Nf3 Nf6 3.g3 g6 4.Bg2 Bg7 5.O-O O-O 6.c4 d6 7.Nc3 Qe8 8.Nd5 Nxd5
9.cxd5 Nd7 10.Ng5 Nb6 11.a4 a5 12.h4 Bd7 13.Ne6 Bxe6 14.dxe6 d5 15.Qb3 Qd8
16.Bg5 h6 17.Bf4 Rf6 18.Qe3 Nc4 19.Qb3 Ra7 20.Rfc1 c6 21.Rxc4 dxc4 22.Qxc4 Qb6
23.Be5 Rf8 24.Bxg7 Kxg7 25.b3 Raa8 26.e3 Rad8 27.Rb1 Qb4 28.Rc1 Qxc4 29.bxc4 Rd6
30.Rb1 Rb8 31.d5 b5 32.dxc6 b4 33.Bd5 Rc8 34.Kf1 Rdxc6 35.Bxc6 Rxc6 36.Rc1 Kf6
37.Ke2 Kxe6 38.Kd3 Kd6 39.e4 Kc5 40.exf5 gxf5 41.Re1 Rd6+ 42.Kc2 Kxc4 43.Rxe7 b3+
44.Kc1 Kb4 45.Re5 Ka3 46.Rb5 Ka2 47.f3 Rc6+ 48.Kd2 b2  0-1

[Event "10th Chigorin Mem B"]
[Site "St Petersburg RUS"]
[Date "2002.11.01"]
[Round "7"]
[White "Bratchenko,A"]
[Black "Ekdyshman,M"]
[Result "1/2-1/2"]
[WhiteElo "2388"]
[BlackElo "2277"]

1.d4 f5 2.c4 g6 3.g3 Bg7 4.Bg2 Nf6 5.Nf3 O-O 6.O-O d6 7.Nc3 Qe8 8.d5 Bd7
9.Nd4 Na6 10.Rb1 c6 11.b3  1/2-1/2

[Event "6th OIBM"]
[Site "Bad Wiessee GER"]
[Date "2002.11.02"]
[Round "8"]
[White "Farago,I"]
[Black "Beim,V"]
[Result "1/2-1/2"]
[WhiteElo "2474"]
[BlackElo "2555"]

1.d4 f5 2.Nf3 g6 3.g3 Nf6 4.Bg2 Bg7 5.O-O O-O 6.c4 d6 7.Nc3 c6 8.d5 e5 9.dxe6 Bxe6
10.b3 Na6 11.Bb2 Qe7 12.Ng5 Rad8 13.Nxe6 Qxe6 14.Qc2 Rfe8 15.Rad1 Nc5 16.e3 Nce4
17.Nxe4 Nxe4 18.Bxg7 Kxg7 19.Rd4 Ng5 20.Rfd1 Nf7 21.b4 a6 22.a4 Rc8 23.Qb2 Qf6
24.b5 axb5 25.axb5 Re7  1/2-1/2

[Event "Olympiad"]
[Site "Bled SLO"]
[Date "2002.11.02"]
[Round "8"]
[White "Asabri,Hu"]
[Black "Faraj,Y"]
[Result "1/2-1/2"]
[WhiteElo "2326"]
[BlackElo "2217"]

1.d4 g6 2.Nf3 Bg7 3.g3 f5 4.Bg2 Nf6 5.O-O O-O 6.c4 d6 7.Nc3 Qe8 8.d5 Na6
9.Nd4 Bd7 10.b3 c6 11.Bb2 Nc7 12.Qd2 Rd8 13.Rad1 Rf7 14.Rfe1 f4 15.gxf4 Bh6
16.e3 g5 17.f5 Ng4 18.Qe2 Ne5 19.Qh5 Qf8 20.e4 Ne8 21.Qe2 g4 22.Kh1 Nf6 23.Bc1 Bxc1
24.Rxc1 c5 25.Ne6 Bxe6 26.dxe6 Rg7 27.f4 gxf3 28.Bxf3 Kh8  1/2-1/2

[Event "Olympiad"]
[Site "Bled SLO"]
[Date "2002.11.02"]
[Round "8"]
[White "Maznitsin,A"]
[Black "Papatryfonos,C"]
[Result "1/2-1/2"]
[WhiteElo "2132"]
[BlackElo "2040"]

1.c4 f5 2.Nf3 Nf6 3.g3 g6 4.Bg2 Bg7 5.O-O O-O 6.d4 d6 7.b3 Nh5 8.Bb2 Nc6
9.Nc3 e5 10.dxe5 dxe5 11.Qxd8 Rxd8 12.e4 Nb4 13.Rad1 Bd7 14.h3 Bc6 15.Ng5 Re8
16.exf5 gxf5 17.Nd5 Bxd5 18.Bxd5+ Nxd5 19.cxd5 e4 20.Bxg7 Nxg7 21.h4 Rad8
22.Nh3 Nh5 23.Rc1 Re7 24.Rfd1 Red7 25.Ng5 Ng7 26.Kg2 h6 27.Nh3 Nh5 28.b4 Rg7
29.Kh2 Kh7 30.Rc3 Rd6 31.Rdc1 Rdd7 32.Rc5 Rgf7  1/2-1/2

[Event "Olympiad w"]
[Site "Bled SLO"]
[Date "2002.11.07"]
[Round "12"]
[White "Prudnikova,S"]
[Black "Dworakowska,J"]
[Result "1-0"]
[WhiteElo "2407"]
[BlackElo "2389"]

1.d4 f5 2.g3 Nf6 3.Bg2 g6 4.Nf3 Bg7 5.O-O O-O 6.c4 d6 7.Nc3 Nc6 8.d5 Na5
9.Qa4 b6 10.Qc2 Bd7 11.b3 c5 12.dxc6 Bxc6 13.Bb2 Qe8 14.Rad1 Rc8 15.Nd4 Bxg2
16.Kxg2 Qf7 17.e4 f4 18.f3 Nc6 19.Nxc6 Rxc6 20.Qd2 fxg3 21.hxg3 Rc5 22.Ne2 h5
23.Bd4 Rcc8 24.e5 dxe5 25.Bxe5 Rc5 26.Qe3 Ra5 27.a4 Kh7 28.Bf4 Rc5 29.Ng1 e5
30.Bg5 Qb7 31.Rd6 Ne8 32.Rd3 Rc7 33.Rfd1 Rcf7 34.R1d2 Nc7 35.Rd7 Qc8 36.Rxf7 Rxf7
37.Nh3 Ne6 38.Rd6 Nd4 39.Qe4 Qf5 40.Qxf5 Rxf5 41.Rd7 Nxf3 42.Be3 Kg8 43.Rxa7 Nd4
44.b4 Bf8 45.a5 bxa5 46.bxa5 Bc5 47.Rc7 Bd6 48.Rd7 Bc5 49.Ng5 Nb3 50.Rd8+ Rf8
51.Rxf8+ Bxf8 52.a6  1-0

[Event "TCh-CZE 2002-3"]
[Site "Czech Rep CZE"]
[Date "2002.12.01"]
[Round "4"]
[White "Meduna,E"]
[Black "Jakubiec,A"]
[Result "1/2-1/2"]
[WhiteElo "2462"]
[BlackElo "2532"]

1.d4 f5 2.Nf3 Nf6 3.g3 g6 4.Bg2 Bg7 5.O-O O-O 6.c4 d6 7.d5 a5 8.Nc3 Na6 9.Nd4 Nc5
10.b3 e5 11.dxe6 c6 12.Bb2 Qe7 13.Qd2 Bxe6 14.Nxe6  1/2-1/2

[Event "Winter Cup"]
[Site "Bucharest ROM"]
[Date "2002.12.03"]
[Round "3"]
[White "Diulger,A"]
[Black "Hrzic,I"]
[Result "1-0"]
[WhiteElo "2326"]
[BlackElo "2302"]

1.d4 f5 2.Nf3 Nf6 3.g3 g6 4.Bg2 Bg7 5.O-O O-O 6.c4 d6 7.d5 c6 8.Nd4 cxd5
9.cxd5 Na6 10.Nc3 Bd7 11.b3 Qa5 12.Bb2 Rac8 13.Rc1 Nc5 14.a3 Nce4 15.b4 Qb6
16.Nxe4 fxe4 17.Rxc8 Rxc8 18.e3 Rc4 19.Qa1 a5 20.Qa2 Rc8 21.bxa5 Qxa5 22.Nc6 bxc6
23.dxc6+ Kf8 24.cxd7 Rd8 25.Bxf6 Bxf6 26.Bh3 d5 27.Be6 d4 28.Bg8 Kg7 29.Qf7+ Kh6
30.Qxh7+ Kg5 31.Qh4+ Kf5 32.Qf4+  1-0

[Event "10th Amitie"]
[Site "Bagneux FRA"]
[Date "2002.12.14"]
[Round "6"]
[White "Payen,A"]
[Black "Nguyen Chi Minh"]
[Result "1-0"]
[WhiteElo "2356"]
[BlackElo "2358"]

1.d4 f5 2.g3 Nf6 3.Bg2 g6 4.c4 Bg7 5.Nf3 O-O 6.O-O d6 7.Nc3 Nc6 8.d5 Na5
9.Qa4 b6 10.Nd2 Bd7 11.Qc2 c5 12.b3 a6 13.Bb2 b5 14.cxb5 axb5 15.Nd1 Rc8
16.Rc1 Qe8 17.e4 c4 18.b4 Nb7 19.f4 fxe4 20.Nxe4 Bf5 21.Nxf6+ exf6 22.Qd2 Qd7
23.Re1 Nd8 24.Nf2 Nf7 25.Re3 g5 26.Rce1 Rfe8 27.Be4 Bxe4 28.Nxe4 gxf4 29.gxf4 Rxe4
30.Rxe4 c3 31.Bxc3 Qg4+ 32.Qg2 Qxg2+ 33.Kxg2 Rxc3 34.Re8+ Bf8 35.Rb8 Kg7
36.Ree8 Rc2+ 37.Kg3 Rc3+ 38.Kg2 Rc2+ 39.Kf3 Rxh2 40.Rxf8 Rxa2 41.Rg8+ Kh6
42.Rb7 Ra3+ 43.Kg4 Ra1 44.Kf5  1-0

[Event "TCh-BEL 2002-3"]
[Site "Belgium BEL"]
[Date "2002.12.23"]
[Round "5"]
[White "Tjiam,D"]
[Black "Sielecki,C"]
[Result "0-1"]
[WhiteElo "2339"]
[BlackElo "2390"]

1.d4 f5 2.g3 Nf6 3.Bg2 g6 4.Nf3 Bg7 5.O-O O-O 6.c4 d6 7.b4 e5 8.Bb2 e4 9.Ne1 c6
10.d5 cxd5 11.cxd5 Nbd7 12.Nc3 Ne5 13.Qb3 Bd7 14.Nc2 Rc8 15.Rad1 Qe7 16.Bc1 Nc4
17.Ne3 Nxe3 18.Bxe3 Ng4 19.Bd4 Bxd4 20.Rxd4 Qg7 21.e3 Qh6 22.h3 Nxe3 23.Nxe4 Nxf1
24.Nxd6 Rc1 25.Bxf1 f4 26.g4 f3 27.Qe3 Qxe3 28.fxe3 Rf6 29.Ne4 Rf8 30.Kf2 b6
31.Rd2 h6 32.g5 hxg5 33.Nxg5 Kg7 34.Bd3 Rh1 35.Nxf3 Rxh3 36.Be2 Bg4 37.Kg2 Rhxf3
38.Bd1 Bh3+  0-1

[Event "TCh-BEL 2002-3"]
[Site "Belgium BEL"]
[Date "2003.01.12"]
[Round "6"]
[White "Hammes,M"]
[Black "Fontaine,P"]
[Result "1/2-1/2"]
[WhiteElo "2377"]
[BlackElo "2170"]

1.d4 f5 2.g3 Nf6 3.Bg2 g6 4.Nf3 Bg7 5.O-O O-O 6.c4 d6 7.Nc3 Na6 8.d5 Nc5
9.Nd4 a5 10.b3 Bd7 11.Bb2 Qc8 12.Qd2 Nce4 13.Nxe4 Nxe4 14.Bxe4 fxe4 15.Nb5 Bxb2
16.Qxb2 c6 17.Nc3 Bh3 18.dxc6 bxc6 19.Nxe4 Bxf1 20.Rxf1 Qf5 21.Qd4 a4 22.b4 a3
23.Nc3 Rfb8 24.b5 cxb5 25.cxb5 Qc5 26.Qd3 Kg7 27.Rb1 Rc8 28.Rb3 Qc4 29.Qe3 e5
30.Qf3 Rab8 31.Rxa3 Rc7 32.Rb3 Rc5 33.Qe3 Qd4 34.a4 Qc4 35.Ne4 Qc1+ 36.Qxc1 Rxc1+
37.Kg2 Ra1 38.Nc3 d5 39.Nxd5 Rxa4 40.f3 Rd4 41.e4 Kf7 42.Rb2 Rb7 43.b6 Ke6
44.Kf2 Kd6 45.Ke3 Ra4 46.Rb3 Ra5 47.h4 Rc5 48.g4 Rc1  1/2-1/2

[Event "3rd IM"]
[Site "Griesheim GER"]
[Date "2003.01.30"]
[Round "2"]
[White "Solonar,S"]
[Black "Grabarczyk,B"]
[Result "1/2-1/2"]
[WhiteElo "2380"]
[BlackElo "2439"]

1.c4 f5 2.d4 Nf6 3.Nf3 g6 4.g3 Bg7 5.Bg2 O-O 6.O-O d6 7.Nc3 Nc6 8.d5 Na5
9.Qa4 c5 10.dxc6 Nxc6 11.Rd1 Bd7 12.c5 dxc5 13.Qc4+ Kh8 14.Qxc5 Rc8 15.Qa3 e5
16.Be3 e4 17.Ng5 Ng4 18.Bc5 Qxg5 19.Rxd7 Rfd8 20.Rxb7 Qf6 21.h3 Nge5 22.Qa6 h5
23.Rf1 h4 24.g4 Qe6 25.Be7 Re8 26.gxf5 gxf5 27.Rd1 Qh6 28.Nd5 Rg8 29.e3 Nd3
30.Nf4 Nxf4 31.exf4 Nxe7 32.Qxh6+ Bxh6 33.Rxe7 Bxf4 34.Rf7 Rg5 35.Kf1 a5
36.Bxe4 Rc1 37.Rxc1 Bxc1 38.Rxf5 Rxf5 39.Bxf5 Bxb2 40.Ke2 Ba3 41.Ke3 Kg7
42.Ke4 Kf6  1/2-1/2

[Event "National I"]
[Site "Montpellier FRA"]
[Date "2003.01.31"]
[Round "1"]
[White "Chabanon,JL"]
[Black "Santo Roman,M"]
[Result "1-0"]
[WhiteElo "2504"]
[BlackElo "2382"]

1.d4 f5 2.g3 Nf6 3.Bg2 g6 4.Nf3 Bg7 5.O-O O-O 6.c4 d6 7.Nc3 Nc6 8.d5 Na5
9.Qd3 c5 10.Nd2 a6 11.b3 Rb8 12.Bb2 Bd7 13.Nd1 b5 14.Bc3 Qc7 15.f4 e6 16.Ne3 Rfe8
17.g4 b4 18.Bxf6 Bxf6 19.dxe6 Bxe6 20.gxf5 Bxf5 21.Nxf5 Bxa1 22.Qd5+ Kf8
23.Rxa1 gxf5 24.Qxf5+ Qf7 25.Qxf7+ Kxf7 26.Bd5+ Ke7 27.Kf2 Kd7 28.Ne4 Rf8
29.Rg1 Rbe8 30.e3 Re7 31.Rg5 Nc6 32.Ng3 h6 33.Bxc6+ Kxc6 34.Rg6  1-0

[Event "FSIMA Feb"]
[Site "Budapest HUN"]
[Date "2003.02.08"]
[Round "8"]
[White "Kovacs,Ga2"]
[Black "Kun,G"]
[Result "1-0"]
[WhiteElo "2382"]
[BlackElo "2359"]

1.d4 f5 2.Nf3 Nf6 3.g3 g6 4.Bg2 Bg7 5.O-O O-O 6.c4 d6 7.Nc3 Qe8 8.d5 c5 9.Rb1 h6
10.Ne1 Nbd7 11.Nb5 Qd8 12.Nd3 a6 13.Nc3 Rb8 14.a4 Ng4 15.Bd2 Nde5 16.Nxe5 dxe5
17.e4 Bd7 18.Qe2 e6 19.dxe6 Bxe6 20.Rbd1 Qb6 21.Bc1 Qb3 22.Nd5 Rbd8 23.exf5 gxf5
24.h3 Nf6 25.Nxf6+ Bxf6 26.Bxh6 Rxd1 27.Qxd1 Qxd1 28.Rxd1 Rf7 29.Bd5 Re7
30.Be3 b6 31.Bxe6+ Rxe6 32.b3 Be7 33.Rd5 Bd6 34.Bg5 f4 35.gxf4 exf4 36.Kg2 Kf7
37.Kf3 Bb8 38.h4 Bd6 39.h5 Bf8 40.Bxf4 b5 41.Be3 bxa4 42.bxa4 Rc6 43.Ke4  1-0

[Event "Open"]
[Site "Portsmouth ENG"]
[Date "2003.02.21"]
[Round "1"]
[White "Wells,P"]
[Black "Kemp,Pe"]
[Result "1/2-1/2"]
[WhiteElo "2486"]
[BlackElo "2192"]

1.d4 f5 2.g3 Nf6 3.Bg2 g6 4.Nf3 Bg7 5.O-O O-O 6.c4 d6 7.Nc3 Qe8 8.Nd5 Nxd5
9.cxd5 c6 10.Qb3 cxd5 11.e4 fxe4 12.Qxd5+ Kh8 13.Qxe4 Nc6 14.Bg5 Qf7 15.Qh4 h5
16.h3 Kg8 17.Rae1 Qxa2 18.d5 Qxd5 19.Ne5 Qd4 20.Nxc6 bxc6 21.Qxd4 Bxd4 22.Bxe7 Ba6
23.Bxc6 Bxf1 24.Rxf1 Rac8 25.Bd5+ Kg7 26.Bxf8+ Kxf8 27.b3 Rc5 28.Be4 Rc3
29.Rd1 Bc5 30.Rd3 Rxd3 31.Bxd3  1/2-1/2

[Event "Open"]
[Site "Cappelle la Grande FRA"]
[Date "2003.02.22"]
[Round "1"]
[White "Bocharov,D"]
[Black "Henris,L"]
[Result "1-0"]
[WhiteElo "2524"]
[BlackElo "2319"]

1.d4 f5 2.g3 Nf6 3.Bg2 g6 4.Nf3 Bg7 5.O-O O-O 6.c4 d6 7.Nc3 Qe8 8.Re1 Qf7
9.b3 Ne4 10.Bb2 Nc6 11.Rc1 Nxc3 12.Bxc3 e5 13.d5 Ne7 14.Rc2 h6 15.c5 e4 16.Bxg7 Kxg7
17.cxd6 cxd6 18.Rc7 exf3 19.exf3 Re8 20.Bf1 a6 21.Qd4+ Kg8 22.Qh4 Kg7 23.Rexe7  1-0

[Event "Open"]
[Site "Cappelle la Grande FRA"]
[Date "2003.02.22"]
[Round "1"]
[White "Bocharov,D"]
[Black "Henris,L"]
[Result "1-0"]
[WhiteElo "2524"]
[BlackElo "2319"]

1.d4 f5 2.g3 Nf6 3.Bg2 g6 4.Nf3 Bg7 5.O-O O-O 6.c4 d6 7.Nc3 Qe8 8.Re1 Qf7
9.b3 Ne4 10.Bb2 Nc6 11.Rc1 Nxc3 12.Rxc3 e5 13.d5 Ne7 14.Rc2 h6 15.c5 e4 16.Bxg7 Kxg7
17.cxd6 cxd6 18.Rc7 exf3 19.exf3 Re8 20.Bf1 a6 21.Qd4+ Kg8 22.Qh4 Kf8 23.Qxh6+ Kg8
24.Qh4  1-0

[Event "TCh-BEL 2002-3"]
[Site "Belgium BEL"]
[Date "2003.02.23"]
[Round "9"]
[White "Vanderstricht,G"]
[Black "Van Beers,E"]
[Result "1/2-1/2"]
[WhiteElo "2397"]
[BlackElo "2379"]

1.d4 f5 2.g3 Nf6 3.Bg2 g6 4.c4 Bg7 5.Nf3 O-O 6.O-O d6 7.Nc3 Qe8 8.d5 Na6
9.Rb1 Nc5 10.Nd4 a5 11.Nb3 Nfe4 12.Nxe4 Nxe4 13.Nd2 Nc5 14.Nb3 Ne4 15.Nd2 Nc5
16.Nb3  1/2-1/2

[Event "ch-RUS w 1st League"]
[Site "Serpukhov RUS"]
[Date "2003.02.23"]
[Round "4"]
[White "Shaidullina,S"]
[Black "Kucherova,L"]
[Result "1-0"]
[WhiteElo "2275"]
[BlackElo "2231"]

1.Nf3 g6 2.d4 f5 3.g3 Bg7 4.Bg2 Nf6 5.O-O O-O 6.c4 d6 7.Nc3 c6 8.d5 e5 9.dxe6 Bxe6
10.Qd3 Qe7 11.Bf4 d5 12.cxd5 Nxd5 13.Be5 Nd7 14.Bxg7 Kxg7 15.e4 Nxc3 16.Qxc3+ Qf6
17.Nd4 Rae8 18.Rad1 Rf7 19.Bh3 Nf8 20.exf5 gxf5 21.Bxf5 c5 22.Nxe6+ Nxe6
23.Qxf6+ Kxf6 24.Bg4 Rg7 25.Bh5 Ree7 26.Rd6 Ke5 27.Rd2 Nd4 28.f4+ Kf6 29.Rc1 Rd7
30.Kf2 b6 31.Rcd1 Rde7 32.Bf3 Rg8 33.Bh5 Re4 34.Rd3 Rg7 35.a3 Rge7 36.Bf3 R4e6
37.g4 b5 38.h3 a5 39.g5+ Kg7 40.Rxd4 cxd4 41.f5  1-0

[Event "57th ch-POL w"]
[Site "Sroda Wlkp POL"]
[Date "2003.02.27"]
[Round "1"]
[White "Worek,J"]
[Black "Dworakowska,J"]
[Result "1-0"]
[WhiteElo "2236"]
[BlackElo "2404"]

1.d4 f5 2.Nf3 Nf6 3.g3 g6 4.Bg2 Bg7 5.O-O O-O 6.c4 d6 7.Nc3 Nc6 8.d5 Na5
9.Qa4 b6 10.Nd2 Bd7 11.Qc2 c5 12.f4 Rb8 13.b3 Qc8 14.Bb2 b5 15.cxb5 Ng4 16.Nd1 Bxb2
17.Qxb2 Rxb5 18.h3 Nf6 19.Kh2 Qa6 20.Qc3 Rbb8 21.Re1 Qb5 22.Rc1 Qb4 23.Qc2 e5
24.dxe6 Bxe6 25.Nf2 Rbe8 26.e4 Nc6 27.Nd3 Qb6 28.Nc4 Nd4 29.Qc3 Qb8 30.Nxd6 Qxd6
31.e5 Qd8 32.exf6 Qxf6 33.Nxc5 Bc8 34.Rxe8 Rxe8 35.Rd1 Rd8 36.b4 Kg7 37.Re1 h6
38.Re5 g5 39.Bd5 Nb5 40.Qe3 gxf4 41.gxf4 h5 42.Bg2 Kh6 43.Ne6 Re8 44.Nc5 Rd8
45.a4 Nd4 46.Nd3 h4 47.Ne1 Qg6 48.Bd5 Nc6 49.Bxc6 Qxc6 50.Qf2 Kg7 51.Ng2 Bb7
52.Rxf5 Rd3 53.Rg5+ Kf7 54.Qxh4 Qe4 55.Qh5+  1-0

[Event "Open"]
[Site "Cappelle la Grande FRA"]
[Date "2003.02.28"]
[Round "8"]
[White "Payen,A"]
[Black "Jakubiec,A"]
[Result "0-1"]
[WhiteElo "2359"]
[BlackElo "2532"]

1.d4 f5 2.g3 Nf6 3.Bg2 g6 4.Nf3 Bg7 5.O-O O-O 6.c4 d6 7.Nc3 e6 8.Bg5 h6 9.Bxf6 Qxf6
10.e4 Nc6 11.exf5 exf5 12.d5 Nd4 13.Nxd4 Qxd4 14.Qxd4 Bxd4 15.Nb5 Bb6 16.a4 a5
17.Rae1 Bd7 18.Re7 Rf7 19.Rfe1 Raf8 20.Kf1 f4 21.gxf4 Rxf4 22.f3 Bf5 23.b3 Bd3+
24.R1e2 R8f7 25.Re6 g5 26.Ke1 Bxe2 27.Rxe2 Kf8 28.Nc3 Rh4 29.h3 Rd4 30.Ne4 Rd3
31.Rb2 Bd4 32.Rb1 Bc5 33.Ke2 Re3+ 34.Kd1 Bb4 35.Rb2 Kg7  0-1